000 01215cam a2200313 a 4500
001 15456453
003 OSt
005 20211004112736.0
008 080918s2009 ne a b 001 0 eng
010 _a 2008041352
020 _a9788131223215
035 _a(OCoLC)ocn150366050
035 _a(OCoLC)150366050
038 _aKhadija
040 _aDLC
_cDLC
_dBTCTA
_dBAKER
_dOHX
_dYDXCP
_dC#P
_dBWX
_dCDX
_dDLC
050 0 0 _aTA403
_b.F523 2012
082 0 0 _a620.11
_222
_bFIS
100 1 _aFischer, Traugott E.
_982917
245 1 0 _aMaterials science for engineering students /
_cTraugott Fischer.
260 _aAmsterdam ;
_aBurlington, MA :
_bElsevier/Academic Press,
_cc2012.
300 _axiv, 581 p. :
_bill. (some col.) ;
_c25 cm.
504 _aIncludes bibliographical references and index.
563 _aPB
650 0 _aMaterials science
_vTextbooks.
_982918
856 4 1 _3Table of contents only
_uhttp://www.loc.gov/catdir/toc/ecip0828/2008041352.html
906 _a7
_bcbc
_corignew
_d1
_eecip
_f20
_gy-gencatlg
942 _2ddc
_cBK
999 _c33557
_d33557